[Event "Titled Tue 24th Jun Late"]
[Site "chess.com INT"]
[Date "2025.06.24"]
[Round "10"]
[White "Slovineanu, Viacheslav"]
[Black "Kobalia, Mikhail"]
[Result "1/2-1/2"]
[WhiteTitle "IM"]
[BlackTitle "GM"]
[WhiteElo "2412"]
[BlackElo "2538"]
[WhiteFideId "13900510"]
[BlackFideId "4119150"]
[EventDate "2025.06.24"]

1. d4 d5 2. Nf3 Nf6 3. c4 c6 4. e3 Bf5 5. Nc3 e6 6. Nh4 Bg6 7. Nxg6 hxg6 8. g3
Be7 9. Bg2 Nbd7 10. O-O dxc4 11. Qe2 Nb6 12. Rd1 a5 13. e4 O-O 14. h4 a4 15. a3
Re8 16. e5 Nfd5 17. Ne4 Nd7 18. Qxc4 Qb6 19. Bg5 Bf8 20. Rd2 Rec8 21. Qe2 c5 22.
Nxc5 Nxc5 23. dxc5 Rxc5 24. Bxd5 Rxd5 25. Rxd5 exd5 26. Rd1 Qe6 27. Qb5 Qxe5 28.
Qxb7 Rb8 29. Qxd5 Qxb2 30. Bf4 Rc8 31. Qd7 Qb3 32. Re1 Ra8 33. Qc6 Rd8 34. Kg2
Qxa3 35. Re4 Qb3 36. Rxa4 Qd5+ 37. Qxd5 Rxd5 38. Ra8 f6 39. Be3 Kf7 40. Kf3 Be7
41. Ra7 Ke6 42. Ra6+ Rd6 43. Rxd6+ Bxd6 44. g4 f5 45. h5 fxg4+ 46. Kxg4 gxh5+
47. Kxh5 Kf5 48. Kh4 Ke4 49. Kh3 Kf3 50. Kh4 g6 51. Kg5 Bh2 52. Kxg6 Bg1 53. Kf5
Bxf2 1/2-1/2

[Event "Titled Tue 24th Jun Late"]
[Site "chess.com INT"]
[Date "2025.06.24"]
[Round "10"]
[White "Hobson, Kenneth"]
[Black "Van Baar, Esper"]
[Result "1-0"]
[WhiteTitle "FM"]
[BlackTitle "FM"]
[WhiteElo "2361"]
[BlackElo "2232"]
[WhiteFideId "480819"]
[BlackFideId "1049321"]
[EventDate "2025.06.24"]

1. e4 e6 2. d4 d5 3. e5 c5 4. c3 Nc6 5. Nf3 Qb6 6. Bd3 cxd4 7. O-O Bd7 8. Re1
Nge7 9. h4 Rc8 10. h5 h6 11. Nbd2 dxc3 12. bxc3 Nf5 13. Rb1 Qc7 14. Nb3 Be7 15.
Bf4 O-O 16. Qd2 Nh4 17. Nxh4 Bxh4 18. g3 Be7 19. Bxh6 Nxe5 20. Rxe5 Qxe5 21. Bf4
Qxc3 22. Qe2 Bf6 23. Rc1 Qb4 24. Rxc8 Rxc8 25. Qg4 Qe7 26. h6 e5 27. Bf5 exf4
28. Bxd7 Rd8 29. Bf5 fxg3 30. Qxg3 d4 31. hxg7 Bxg7 32. Bd3 Rd6 33. Qh3 Qe6 34.
Bf5 Qe1+ 35. Kg2 Rf6 36. Nxd4 Qe5 37. Bh7+ Kf8 38. Nf3 Qd5 39. Qc8+ Ke7 40. Qc7+
Qd7 41. Qc5+ Qd6 42. Qe3+ Qe6 43. Qa3+ Qd6 44. Qxa7 Qc6 45. Qe3+ Re6 46. Qa3+
Qd6 47. Qb3 Rf6 48. Qxb7+ Qd7 49. Qe4+ Qe6 50. Qb4+ Qd6 51. Qh4 Ke8 52. Qa4+ Ke7
53. Be4 Rh6 54. Qa7+ Kf8 55. Qa8+ Ke7 56. Qb7+ Qd7 57. Qb4+ Qd6 58. Qc4 Qe6 59.
Qc7+ Qd7 60. Qf4 Qe6 61. Qg5+ Qf6 62. Qc5+ Qd6 63. Qe3 1-0

[Event "Titled Tue 24th Jun Late"]
[Site "chess.com INT"]
[Date "2025.06.24"]
[Round "10"]
[White "Murzin, Volodar"]
[Black "Szpar, Milosz"]
[Result "1-0"]
[WhiteTitle "GM"]
[BlackTitle "IM"]
[WhiteElo "2666"]
[BlackElo "2495"]
[WhiteFideId "44155573"]
[BlackFideId "1184989"]
[EventDate "2025.06.24"]

1. e4 e6 2. d3 d5 3. Nd2 Nc6 4. Ngf3 Nf6 5. c3 Bd6 6. Be2 O-O 7. O-O e5 8. b4
Re8 9. Rb1 Ne7 10. c4 c6 11. c5 Bc7 12. Re1 Ng6 13. Bf1 h6 14. Qc2 Be6 15. a3
Qd7 16. Bb2 d4 17. Bc1 a5 18. Nc4 Bg4 19. Be2 axb4 20. axb4 Nh5 21. Bd1 Nhf4 22.
Bxf4 Nxf4 23. g3 Nh3+ 24. Kg2 h5 25. Ng1 Ng5 26. h4 Nh7 27. Bf3 Nf6 28. Ra1 Reb8
29. Bxg4 hxg4 30. Qb2 Qe8 31. Rxa8 Rxa8 32. Ra1 Qb8 33. Ne2 Ra7 34. Nc1 Nd7 35.
Nb3 Rxa1 36. Qxa1 Nf6 37. Nbd2 Nd7 38. Nf1 Nf6 39. Nh2 g6 40. Qa4 Kg7 41. b5
cxb5 42. Qxb5 Qa8 43. Nd6 Bxd6 44. cxd6 Qd8 45. Qxe5 Qd7 46. Qxd4 Qe6 47. e5 Nd7
48. Nxg4 b5 49. Nf6 Nxe5 50. d7 Nc6 51. Nh5+ Kh6 52. Qh8# 1-0

[Event "Titled Tue 24th Jun Late"]
[Site "chess.com INT"]
[Date "2025.06.24"]
[Round "10"]
[White "Pereyra, Horacio"]
[Black "Terletsky, Oleg"]
[Result "0-1"]
[BlackTitle "IM"]
[WhiteElo "2133"]
[BlackElo "2160"]
[WhiteFideId "113700"]
[BlackFideId "14116774"]
[EventDate "2025.06.24"]

1. d4 Nf6 2. Nc3 d5 3. Bg5 g6 4. Qd2 Bg7 5. Bh6 O-O 6. Bxg7 Kxg7 7. Nf3 c5 8. e3
cxd4 9. exd4 Nc6 10. Be2 Ne4 11. Qe3 Qa5 12. O-O Nxc3 13. bxc3 Bf5 14. c4 dxc4
15. Bxc4 Rac8 16. Bb3 Rfe8 17. c4 Bg4 18. Rad1 Bxf3 19. Qxf3 e5 20. dxe5 Rxe5
21. Rd7 Rf5 22. Qe3 Rc7 23. Rd5 Rxd5 24. cxd5 Nb4 25. h4 Qc5 26. Qf4 Rd7 27. Rc1
Qd6 28. Qd4+ f6 29. Rd1 a5 30. h5 Qe5 31. Qc5 Qxh5 32. Qxa5 Nc6 33. Qc3 Ne5 34.
d6 Qg4 35. Rd4 Nf3+ 36. Qxf3 Qxd4 37. Qh3 Qxd6 38. Qf3 Re7 39. Qg4 Qe5 40. Qc4
b6 41. Qg8+ Kh6 42. Qc4 Qa1+ 43. Kh2 Qe5+ 44. g3 Qh5+ 45. Kg2 Qe5 46. Qb4 Qe4+
47. Qxe4 Rxe4 48. Kf3 Rd4 49. Ke3 Rd6 50. Ke4 f5+ 51. Ke5 Rd2 52. f4 Rg2 53. g4
Rxg4 54. Bd5 Rg3 55. a4 Ra3 56. Bc6 g5 57. Kd6 gxf4 58. Kc7 f3 59. Kxb6 f2 0-1

[Event "Titled Tue 24th Jun Late"]
[Site "chess.com INT"]
[Date "2025.06.24"]
[Round "10"]
[White "Playa, Marcelo"]
[Black "Aalto, Patrik"]
[Result "0-1"]
[WhiteTitle "IM"]
[BlackTitle "FM"]
[WhiteElo "2376"]
[BlackElo "2316"]
[WhiteFideId "102202"]
[BlackFideId "510726"]
[EventDate "2025.06.24"]

1. e4 c5 2. Nf3 e6 3. Nc3 Nc6 4. d4 cxd4 5. Nxd4 Qc7 6. Be3 a6 7. Qd2 Nf6 8. f3
Be7 9. O-O-O b5 10. g4 b4 11. Nce2 d6 12. Kb1 O-O 13. h4 Nd7 14. g5 Nde5 15. Nc1
Nxd4 16. Bxd4 Nxf3 17. Qe3 Nxd4 18. Qxd4 e5 19. Qxb4 d5 20. Qe1 dxe4 21. Qxe4
Bb7 22. Rd5 Rad8 23. Bc4 Bxd5 24. Bxd5 Qd6 25. Rd1 Qg6 26. Qxe5 Bd6 27. Qe4 Qxe4
28. Bxe4 Bg3 29. Nd3 Rfe8 30. Bb7 Bxh4 31. Bxa6 Bxg5 32. b4 h5 33. b5 h4 34. b6
Rd6 35. c4 Rxb6+ 36. Bb5 h3 37. a4 Rd8 38. Kc2 h2 39. Rh1 Rbd6 40. Ne5 Rd2+ 41.
Kb3 Bf4 42. Nf3 R8d3+ 43. Kb4 Rxf3 44. a5 Bd6+ 45. c5 Rf4+ 46. Bc4 Rdd4 47. cxd6
Rxc4+ 48. Kb5 Rcd4 49. Kc5 Rd2 50. a6 Ra4 51. Kb5 Raa2 52. Rc1 Rxd6 0-1

[Event "Titled Tue 24th Jun Late"]
[Site "chess.com INT"]
[Date "2025.06.24"]
[Round "10"]
[White "Eswaran, Ashritha"]
[Black "Haddouche, Mohamed"]
[Result "0-1"]
[WhiteTitle "FM"]
[BlackTitle "GM"]
[WhiteElo "2236"]
[BlackElo "2490"]
[WhiteFideId "2080788"]
[BlackFideId "7900660"]
[EventDate "2025.06.24"]

1. e4 e5 2. d4 exd4 3. Nf3 Nc6 4. Bc4 Nf6 5. e5 d5 6. Bb5 Ne4 7. Nxd4 Bd7 8.
Bxc6 bxc6 9. O-O Bc5 10. f3 Ng5 11. Be3 Bb6 12. f4 Ne4 13. Nd2 c5 14. N4f3 Nxd2
15. Qxd2 d4 16. Bf2 Bc6 17. Bh4 Qd7 18. Rae1 O-O 19. h3 Rae8 20. Kh2 Bb5 21. Rf2
f5 22. exf6 gxf6 23. Rxe8 Qxe8 24. f5 Qf7 25. Qh6 Qg7 26. Qh5 Be8 27. Qg4 Qxg4
28. hxg4 Bc6 29. Re2 Bd5 30. b3 c4 31. bxc4 Bxc4 32. Re4 Bd5 33. Re7 Rf7 34.
Re8+ Kg7 35. Kg3 Bc6 36. Re6 Bd5 37. Re8 Bxa2 38. Rd8 c5 39. Rc8 Bd5 40. Kf2 Bb7
41. Re8 c4 42. Ke2 Rd7 43. g5 d3+ 44. cxd3 cxd3+ 45. Kd1 Bxf3+ 46. gxf3 fxg5 47.
Bxg5 Bd4 48. Re6 a5 49. Kd2 Bc5 50. Bh6+ Kf7 51. Rc6 Bb4+ 52. Kd1 d2 53. f6 Rb7
54. Be3 a4 55. Kc2 a3 56. Bd4 Rd7 57. Rc4 a2 58. Rxb4 a1=Q 59. Bxa1 d1=Q+ 60.
Kb2 Ra7 61. Rh4 Qxa1+ 0-1

[Event "Titled Tue 24th Jun Late"]
[Site "chess.com INT"]
[Date "2025.06.24"]
[Round "10"]
[White "Watanabe, Akira"]
[Black "Garcia Hernandez, Rebeca"]
[Result "0-1"]
[WhiteTitle "FM"]
[BlackTitle "WCM"]
[WhiteElo "2284"]
[BlackElo "1904"]
[WhiteFideId "7000227"]
[BlackFideId "5180872"]
[EventDate "2025.06.24"]

1. d4 d5 2. c4 c6 3. Nc3 Nf6 4. e3 g6 5. Nf3 Bg7 6. Be2 O-O 7. O-O Nbd7 8. b3 b6
9. Bb2 Bb7 10. Rc1 c5 11. cxd5 cxd4 12. Nxd4 Nxd5 13. Nxd5 Bxd5 14. Nc6 Bxc6 15.
Bxg7 Kxg7 16. Rxc6 Rc8 17. Qd4+ Nf6 18. Rxc8 Qxd4 19. exd4 Rxc8 20. Bc4 e6 21.
Rd1 Kf8 22. f3 Ke7 23. Kf2 Kd6 24. a4 Nd5 25. Rd2 Rc6 26. h4 h5 27. g3 Rc7 28.
Ke2 Nf6 29. Kd3 Rc8 30. Re2 Nd5 31. Re5 Nf6 32. a5 Nd5 33. Bxd5 exd5 34. axb6
axb6 35. g4 hxg4 36. fxg4 Rc1 37. h5 gxh5 38. gxh5 b5 39. Rf5 Ke6 40. Re5+ Kd6
41. Ke3 Rc3+ 42. Kf4 Rxb3 43. h6 Rh3 44. Kg5 b4 45. Rf5 b3 46. Rxf7 b2 47. Rb7
Rh2 48. Kg6 Kc6 49. Rb3 Kd6 50. h7 Ke6 0-1

[Event "Titled Tue 24th Jun Late"]
[Site "chess.com INT"]
[Date "2025.06.24"]
[Round "10"]
[White "Kucza, Karol"]
[Black "Fikiet, Alex"]
[Result "1-0"]
[WhiteTitle "FM"]
[WhiteElo "2316"]
[BlackElo "2151"]
[WhiteFideId "1159755"]
[BlackFideId "2052717"]
[EventDate "2025.06.24"]

1. e4 g6 2. d4 Nf6 3. e5 Nh5 4. Be2 d6 5. Bxh5 gxh5 6. Qxh5 dxe5 7. Qxe5 Rg8 8.
Qe4 Nd7 9. g3 Nf6 10. Qd3 Qd5 11. Nf3 Bf5 12. Qb3 Qe4+ 13. Qe3 Qxc2 14. O-O
O-O-O 15. Nc3 Nd5 16. Nxd5 Rxd5 17. Bd2 e6 18. Bc3 Bh3 19. Rfc1 Qf5 20. a3 Qh5
21. Bd2 Bg4 22. Ne5 Bg7 23. Rc4 Bxe5 24. dxe5 Kb8 25. Rac1 c6 26. Bb4 Ka8 27.
Bd6 Bf3 28. Ra4 a6 29. Qb6 Be2 30. Rb4 Rb5 31. Rxb5 Bxb5 32. Qe3 Be2 33. Qf4 Qf3
34. Qxf3 Bxf3 35. Rc3 Bd5 36. f3 b5 37. Kf2 Kb7 38. Rc1 h5 39. Rd1 Rc8 40. Rd4
c5 41. Rh4 Kc6 42. Rxh5 a5 43. Rh7 b4 44. Rxf7 Rh8 45. h4 bxa3 46. bxa3 c4 47.
Rc7+ Kb5 48. Rc5+ Ka4 49. Kg2 Rh7 50. Rc8 Rf7 51. Bc7 Rxf3 52. Kh3 Rf1 53. Bd6
Bf3 54. g4 1-0

[Event "Titled Tue 24th Jun Late"]
[Site "chess.com INT"]
[Date "2025.06.24"]
[Round "10"]
[White "Mei, Austin"]
[Black "Golis, Wiktor"]
[Result "1/2-1/2"]
[WhiteTitle "FM"]
[BlackTitle "FM"]
[WhiteElo "2280"]
[BlackElo "2307"]
[WhiteFideId "30948479"]
[BlackFideId "21055874"]
[EventDate "2025.06.24"]

1. e4 c5 2. Nf3 e6 3. d4 cxd4 4. Nxd4 Nf6 5. Nc3 Nc6 6. a3 Be7 7. Be3 O-O 8. f4
d6 9. Nb3 a6 10. Be2 b5 11. Bf3 Bb7 12. O-O Qc7 13. g4 Rad8 14. g5 Nd7 15. Bg2
Nc5 16. Qh5 Nxb3 17. cxb3 Na5 18. f5 exf5 19. exf5 Bxg2 20. Kxg2 d5 21. f6 d4
22. Bf4 Qb7+ 23. Qf3 gxf6 24. gxf6 Bxf6 25. Ne4 Bg7 26. b4 f5 27. Ng5 Qxf3+ 28.
Rxf3 Nc4 29. Ne6 Rfe8 30. Nxd8 Rxd8 31. b3 d3 32. Rd1 Nb2 33. Rd2 Bc3 34. Rff2
Rd4 35. Be3 Re4 36. Kf3 Bxd2 37. Rxd2 Nc4 38. bxc4 bxc4 39. Rd1 Kf7 40. Rc1 Ke6
41. Bd2 Kd5 42. Bc3 Re2 43. h4 Rc2 44. Rxc2 dxc2 45. Bb2 c3 46. Bc1 Kc4 47. Ke3
f4+ 48. Kxf4 Kd3 49. a4 Kc4 50. b5 axb5 51. axb5 Kxb5 52. Ke4 Kc4 53. Ke3 Kb3
54. Kd3 h5 55. Kd4 Kb4 56. Kd3 Kb3 57. Kd4 Kb4 58. Kd3 Kb3 1/2-1/2

[Event "Titled Tue 24th Jun Late"]
[Site "chess.com INT"]
[Date "2025.06.24"]
[Round "10"]
[White "Damaraju, Ashwin"]
[Black "Guha, Eshan"]
[Result "1/2-1/2"]
[WhiteElo "2084"]
[BlackElo "2071"]
[WhiteFideId "39908348"]
[BlackFideId "30958628"]
[EventDate "2025.06.24"]

1. e4 c6 2. d4 d5 3. exd5 cxd5 4. Bd3 Nf6 5. c3 Bg4 6. Qb3 Qc7 7. h3 Bd7 8. Ne2
Nc6 9. Bf4 e5 10. dxe5 Nxe5 11. Bxe5 Qxe5 12. Nd2 Bc5 13. Nf3 Qc7 14. O-O O-O
15. Rad1 Be6 16. Ned4 a6 17. a4 Rfe8 18. Qc2 h6 19. Rfe1 Rac8 20. Bf5 Bxf5 21.
Qxf5 Re4 22. Rxe4 dxe4 23. Ne5 Re8 24. Ng4 Nxg4 25. Qxg4 Bxd4 26. Rxd4 e3 27.
fxe3 Rxe3 28. Re4 Rxe4 29. Qxe4 Qb6+ 30. Kh2 Qxb2 31. Qe8+ Kh7 32. Qxf7 Qxc3 33.
Qxb7 Qe5+ 34. g3 Qe2+ 35. Qg2 Qc4 36. a5 Qb5 37. Qd2 Kg8 38. Qd8+ Kh7 39. Qd2
Kg8 40. h4 Kh7 41. Qc2+ Kg8 42. Qd2 Kh7 43. Qd8 Qe2+ 44. Kh3 Qe6+ 45. Kh2 Qe2+
46. Kh3 Qe6+ 47. Kh2 Qa2+ 48. Kh3 Qc4 49. Qb6 h5 50. Kg2 Qe2+ 51. Kg1 Qe1+ 52.
Kg2 Qe2+ 53. Kg1 Qe1+ 54. Kg2 Qe2+ 1/2-1/2

[Event "Titled Tue 24th Jun Late"]
[Site "chess.com INT"]
[Date "2025.06.24"]
[Round "10"]
[White "Plichta, Kamil"]
[Black "Rustemov, Alexander"]
[Result "0-1"]
[WhiteTitle "FM"]
[BlackTitle "GM"]
[WhiteElo "2361"]
[BlackElo "2525"]
[WhiteFideId "1141830"]
[BlackFideId "4119002"]
[EventDate "2025.06.24"]

1. Nf3 d5 2. g3 c6 3. Bg2 Bf5 4. O-O e6 5. c4 dxc4 6. Nh4 Bg4 7. h3 Bh5 8. Nf3
Nd7 9. Na3 Bxa3 10. bxa3 Ngf6 11. Bb2 O-O 12. g4 Bg6 13. Rc1 b5 14. Nd4 Be4 15.
Nxc6 Qb6 16. Bxe4 Nxe4 17. Nd4 Ndc5 18. Qc2 Nf6 19. Nf3 Na4 20. Bd4 Qd8 21. d3
cxd3 22. Qxd3 Qd5 23. Rfd1 Rfd8 24. Qb3 Ne4 25. Be3 Qb7 26. Nd4 a6 27. Nc6 Rxd1+
28. Qxd1 Nac3 29. Qd3 Qxc6 30. f3 Qd5 31. fxe4 Qxd3 32. exd3 Ne2+ 33. Kf2 Nxc1
34. Bxc1 Rc8 35. Bf4 Rc2+ 36. Ke3 Rxa2 37. Bd6 f6 38. d4 Kf7 39. d5 a5 40. Kd4
exd5 41. exd5 Ke8 42. Kc5 Rxa3 43. Kxb5 Rxh3 44. Kxa5 Kd7 45. Bf8 g6 46. Bg7 Rg3
47. Bxf6 Rxg4 48. Kb5 h5 49. Kc5 h4 50. d6 h3 51. Kd5 Rg2 52. Be5 h2 53. Bf6
h1=Q 54. Ke5 Qe1+ 55. Kf4 Rf2+ 56. Kg5 Qe3+ 57. Kxg6 Qe6 58. Kh7 Rxf6 59. Kg7
Qf7+ 60. Kh8 Rh6# 0-1

[Event "Titled Tue 24th Jun Late"]
[Site "chess.com INT"]
[Date "2025.06.24"]
[Round "10"]
[White "Nayak, Rajesh"]
[Black "Bazan Romero, Octavio Aaron"]
[Result "0-1"]
[WhiteTitle "FM"]
[BlackTitle "FM"]
[WhiteElo "2262"]
[BlackElo "2289"]
[WhiteFideId "35017152"]
[BlackFideId "20003943"]
[EventDate "2025.06.24"]

1. d4 d5 2. Nc3 c6 3. Bf4 e6 4. e3 Bd6 5. Nf3 Nf6 6. Ne5 Qc7 7. Bg3 Nbd7 8. f4
Ne4 9. Nxe4 dxe4 10. Be2 f5 11. O-O O-O 12. Bh4 Nf6 13. c4 c5 14. Rc1 b6 15. g4
Bb7 16. gxf5 exf5 17. d5 Bxe5 18. fxe5 Qxe5 19. Qd2 Nd7 20. Qc3 Qxc3 21. Rxc3 h6
22. Bg3 g5 23. h4 Kg7 24. a3 Rae8 25. b4 Kg6 26. bxc5 Nxc5 27. Bd6 Rf6 28. h5+
Kg7 29. Bxc5 bxc5 30. Rb1 Re7 31. Rb5 f4 32. Rxc5 f3 33. Bf1 g4 34. Kf2 Rf5 35.
Ra5 Rxh5 36. Rxa7 Rg5 37. Kg3 Rf5 38. Rb3 Rff7 39. d6 Rd7 40. c5 Bd5 41. Rxd7
Rxd7 42. Rb4 Bc6 43. Kxg4 Kf6 44. Kf4 Ke6 45. Bh3+ Kd5 46. Bxd7 Bxd7 47. Rb7 Bc6
48. Rc7 f2 49. d7 f1=Q+ 50. Kg4 Qf3+ 51. Kh4 Qf6+ 52. Kg3 Qe5+ 53. Kh4 Qxc7 0-1

[Event "Titled Tue 24th Jun Late"]
[Site "chess.com INT"]
[Date "2025.06.24"]
[Round "10"]
[White "Zeliantsova, Kseniya"]
[Black "Manukyan, Sargis A."]
[Result "0-1"]
[WhiteTitle "WFM"]
[BlackTitle "FM"]
[WhiteElo "2062"]
[BlackElo "2294"]
[WhiteFideId "13512617"]
[BlackFideId "13303970"]
[EventDate "2025.06.24"]

1. e4 c5 2. Nf3 d6 3. Bb5+ Bd7 4. Bxd7+ Qxd7 5. O-O Nc6 6. c3 Nf6 7. Re1 e6 8.
d4 cxd4 9. cxd4 d5 10. e5 Ne4 11. Nbd2 Nxd2 12. Bxd2 Bb4 13. a3 Bxd2 14. Qxd2
O-O 15. h3 Rfc8 16. Re3 Ne7 17. Nh4 Ng6 18. Nxg6 hxg6 19. h4 Rc4 20. Rg3 Rac8
21. h5 gxh5 22. Qh6 g6 23. Qxh5 Kg7 24. Qh4 Qd8 25. Qf4 Qe7 26. Rh3 Rh8 27. Rxh8
Kxh8 28. Rd1 Kg7 29. Rd3 Rc8 30. Rh3 Rh8 31. Qf6+ Qxf6 32. exf6+ Kg8 33. Rc3 Rh4
34. Rc8+ Kh7 35. Rf8 g5 36. Rxf7+ Kg6 37. Rxb7 Kxf6 38. Rb4 Re4 39. Kf1 g4 40.
f3 gxf3 41. gxf3 Rh4 42. Kg2 Kf5 43. Kg3 Rf4 44. Ra4 e5 45. Rxa7 Rxd4 46. b4 Rd3
47. Kf2 d4 48. b5 Rd2+ 49. Ke1 Rb2 50. a4 Kf4 51. Rf7+ Ke3 52. Kd1 d3 53. Kc1
d2+ 54. Kxb2 d1=Q 55. Ka3 Qd3+ 56. Kb4 Qd2+ 57. Kc5 Qd4+ 58. Kc6 Qc4+ 59. Kd6
Qxf7 60. b6 Qb3 61. a5 Qb5 0-1

[Event "Titled Tue 24th Jun Late"]
[Site "chess.com INT"]
[Date "2025.06.24"]
[Round "10"]
[White "Li, Hui"]
[Black "Bucci, Andrea"]
[Result "1-0"]
[WhiteTitle "CM"]
[WhiteElo "2041"]
[BlackElo "1526"]
[WhiteFideId "15400310"]
[BlackFideId "28546890"]
[EventDate "2025.06.24"]

1. e4 d6 2. d4 Nd7 3. Nf3 e5 4. Bc4 c6 5. O-O Be7 6. dxe5 dxe5 7. Ng5 Bxg5 8.
Qh5 Qe7 9. Bxg5 Ngf6 10. Qe2 O-O 11. Nd2 b5 12. Bb3 Nc5 13. Qf3 a5 14. Bxf6 Qxf6
15. Qxf6 gxf6 16. a3 Nxb3 17. Nxb3 f5 18. Rfe1 f6 19. Nc5 fxe4 20. Nxe4 Bf5 21.
f3 Bxe4 22. fxe4 Rad8 23. Rad1 Kf7 24. Kf2 Ke7 25. Ke3 Rg8 26. g3 Rxd1 27. Rxd1
Rd8 28. Rc1 Rd4 29. c3 Rd6 30. a4 Ke6 31. Ra1 Kf7 32. axb5 cxb5 33. Rxa5 Rb6 34.
Ra7+ Kg6 35. Rc7 h6 36. Rc5 Kg5 37. Kf3 h5 38. Rd5 b4 39. c4 b3 40. Rb5 Rc6 41.
Rxb3 Rxc4 42. Rb8 Rc2 43. h3 Rc4 44. Rg8+ Kh6 45. Rd8 Rb4 46. Rd2 Rb3+ 47. Kg2
Kg5 48. Rf2 Re3 49. b4 Rxe4 50. Rb2 Rc4 51. b5 Rc8 52. b6 Rb8 53. Kf3 f5 54. Rb5
e4+ 55. Ke3 Kf6 56. Kf4 Ke6 57. Re5+ Kd6 58. Rxf5 Rxb6 59. Rf6+ Kc5 60. Rxb6
Kxb6 61. Kxe4 Kc6 62. Kf5 Kd6 63. Kg5 Ke6 64. Kxh5 Kf7 65. g4 Kg7 66. Kg5 Kh7
67. h4 Kg7 68. h5 Kh7 69. Kf5 Kg7 70. g5 Kh7 71. g6+ Kg7 72. Kg5 Kh8 73. Kf6 Kg8
74. g7 Kh7 75. Kf7 Kh6 76. g8=Q Kxh5 77. Qg3 Kh6 78. Qg6# 1-0

[Event "Titled Tue 24th Jun Late"]
[Site "chess.com INT"]
[Date "2025.06.24"]
[Round "10"]
[White "Omariev, Maksim"]
[Black "Haug, Havard"]
[Result "0-1"]
[WhiteTitle "FM"]
[BlackTitle "FM"]
[WhiteElo "2304"]
[BlackElo "2354"]
[WhiteFideId "4193423"]
[BlackFideId "1547887"]
[EventDate "2025.06.24"]

1. d4 Nf6 2. Bf4 g6 3. e3 Bg7 4. c3 O-O 5. Nd2 c5 6. Be2 cxd4 7. exd4 d5 8. h4
Nc6 9. h5 Bf5 10. Ngf3 Rc8 11. hxg6 hxg6 12. Bh6 Bxh6 13. Rxh6 Kg7 14. Rh1 Rh8
15. Rg1 Ne4 16. Qb3 Qd7 17. Nxe4 dxe4 18. Nd2 e5 19. d5 Ne7 20. c4 b5 21. Nf1
bxc4 22. Bxc4 Rb8 23. Qc3 f6 24. Ne3 Bg4 25. b3 Rhc8 26. Rh1 Nxd5 27. Nxd5 Qxd5
28. Qg3 Qd4 29. Rc1 Rd8 30. Bd3 exd3 31. Rc7+ Rd7 32. Rxd7+ Qxd7 33. Kd2 Rc8 34.
Qxd3 Qxd3+ 35. Kxd3 Bf5+ 36. Ke3 Rc3+ 37. Kd2 Rc2+ 38. Ke3 Rxa2 39. Rc1 Rc2 40.
Ra1 Rc3+ 41. Kd2 Rxb3 42. Rxa7+ Kh6 43. Ke2 Rb2+ 44. Kf3 Kg5 45. Kg3 Rb3+ 46. f3
e4 47. Re7 exf3 48. gxf3 Kh6 49. Re8 g5 50. Rh8+ Kg7 51. Ra8 Be4 52. Ra7+ Kg6
53. Kg4 f5+ 54. Kg3 Rxf3+ 55. Kh2 Kh5 56. Rg7 Kg4 57. Ra7 Rh3+ 58. Kg1 Kg3 59.
Ra3+ Bf3 0-1

[Event "Titled Tue 24th Jun Late"]
[Site "chess.com INT"]
[Date "2025.06.24"]
[Round "10"]
[White "Suarez, Sebastian"]
[Black "Tang, Zoey"]
[Result "0-1"]
[BlackTitle "FM"]
[WhiteElo "2161"]
[BlackElo "2356"]
[WhiteFideId "30979080"]
[BlackFideId "30952530"]
[EventDate "2025.06.24"]

1. g3 e5 2. Bg2 d5 3. c4 c6 4. b3 Nf6 5. Bb2 Bd6 6. Nf3 Nbd7 7. O-O O-O 8. d3
Re8 9. Nc3 d4 10. Nb1 Nf8 11. Nbd2 Ng6 12. e4 dxe3 13. fxe3 Bc5 14. d4 exd4 15.
exd4 Bb6 16. Re1 Bg4 17. Qc2 Qd7 18. Kh1 Rxe1+ 19. Rxe1 Re8 20. Qd1 Ba5 21.
Rxe8+ Qxe8 22. h3 Bxf3 23. Nxf3 Qe3 24. Bc1 Qf2 25. Qg1 Qxg3 26. Qh2 Ne4 27.
Qxg3 Nxg3+ 28. Kh2 Ne2 29. Be3 Nef4 30. Bf1 Bc7 31. Kg1 h5 32. Kf2 f6 33. Kg3
Ne2+ 34. Kf2 Nef4 35. Kg3 Nd5+ 36. Kf2 Nxe3 37. Kxe3 Nf4 38. h4 Kf7 39. Nd2 Ne6
40. Ne4 Bf4+ 41. Kf3 g5 42. hxg5 fxg5 43. Nc5 Nxd4+ 44. Ke4 Ne6 45. Nxb7 g4 46.
Na5 c5 47. Nb7 Bc7 48. Bd3 h4 49. Be2 h3 50. Bxg4 h2 51. Bf3 Ng5+ 52. Ke3 Nxf3
53. Nd6+ Bxd6 54. Ke4 h1=Q 55. Kd5 Qd1+ 56. Kc6 Qe2 57. Kb5 Qxa2 58. b4 Qb3 59.
Kc6 Qxb4 60. Kd5 Qb7+ 61. Kxd6 a5 62. Kxc5 a4 63. Kd6 a3 64. Kc5 a2 65. Kd6 a1=Q
66. Kc5 Qa5+ 67. Kd6 Qbb6+ 0-1

[Event "Titled Tue 24th Jun Late"]
[Site "chess.com INT"]
[Date "2025.06.24"]
[Round "10"]
[White "Yao, Hanchi"]
[Black "Myagmarsuren, Evsuld"]
[Result "1-0"]
[BlackTitle "FM"]
[WhiteElo "2129"]
[BlackElo "2292"]
[WhiteFideId "30957397"]
[BlackFideId "1551639"]
[EventDate "2025.06.24"]

1. d4 Nf6 2. c4 c5 3. d5 e6 4. Nc3 exd5 5. cxd5 d6 6. e4 g6 7. Be2 Bg7 8. Nf3
O-O 9. Nd2 a6 10. a4 Nbd7 11. O-O Ne8 12. Nc4 Ne5 13. Ne3 Nc7 14. f4 Nd7 15. Nc4
Nf6 16. Bf3 Rb8 17. a5 Re8 18. Be3 Bd7 19. Nxd6 Re7 20. Bxc5 Nfe8 21. Nc4 Nb5
22. Bxe7 Qxe7 23. Ne2 Qc5+ 24. Kh1 Qxc4 25. e5 Bf5 26. Rc1 Qb4 27. d6 Qxa5 28.
d7 h5 29. dxe8=Q+ Rxe8 30. Bxb7 Rd8 31. Qb3 Be6 32. Qf3 Rd2 33. Ng3 Rxb2 34. f5
Nd4 35. Qc3 Nb3 36. Qxb2 Bxe5 37. Qe2 Nxc1 38. Rxc1 Bxg3 39. fxe6 Qa3 40. exf7+
Kxf7 41. Rf1+ Kg7 42. hxg3 Qxg3 43. Qe7+ Kh6 44. Qf8+ Kg5 45. Qd8+ Kh6 46. Qh8+
Kg5 47. Qd8+ Kh6 48. Qd2+ Kg7 49. Qf2 Qd6 50. Bf3 a5 51. Bd1 Qe7 52. Bb3 Qb4 53.
Qf7+ Kh6 54. Qf8+ Kg5 55. Qxb4 axb4 56. Rf8 Kh4 57. Rb8 g5 58. Rxb4+ g4 59. Rb8
Kg3 60. Rh8 h4 61. Be6 Kf2 62. Rxh4 g3 63. Rf4+ Ke3 64. Rg4 Kf2 65. Bd7 Ke3 66.
Rxg3+ Kf2 67. Rg8 Kf1 68. g4 Kf2 69. g5 Kf3 70. g6 Kg3 71. g7 Kf4 72. Rf8+ Kg3
73. g8=Q+ Kh4 74. Rf7 Kh5 75. Rh7# 1-0

[Event "Titled Tue 24th Jun Late"]
[Site "chess.com INT"]
[Date "2025.06.24"]
[Round "10"]
[White "Kolimar, Kristof Pal"]
[Black "Klukin, Kirill"]
[Result "1/2-1/2"]
[WhiteTitle "FM"]
[BlackTitle "IM"]
[WhiteElo "2368"]
[BlackElo "2401"]
[WhiteFideId "798410"]
[BlackFideId "24199273"]
[EventDate "2025.06.24"]

1. e4 c5 2. Nf3 g6 3. d4 cxd4 4. Nxd4 Bg7 5. c4 Nc6 6. Be3 Nf6 7. Nc3 O-O 8. Be2
d6 9. O-O Bd7 10. f3 Nxd4 11. Bxd4 a5 12. b3 Bc6 13. Qd2 Nd7 14. Bf2 Nc5 15.
Rab1 e6 16. Nb5 Be5 17. Rbd1 Bxb5 18. cxb5 Qe7 19. Be3 Rfd8 20. b6 Bf6 21. Bb5
d5 22. Qf2 d4 23. Bxd4 Bxd4 24. Rxd4 Rxd4 25. Qxd4 Rd8 26. Qe3 e5 27. Bc4 Rd4
28. Bd5 Qd6 29. Rc1 Kg7 30. f4 Nd3 31. Rc7 Nxf4 32. Rxf7+ Kh8 33. Rxf4 Rxd5 34.
exd5 exf4 35. Qd4+ Kg8 36. h3 Kf7 37. Kf2 g5 38. Kf3 h5 39. h4 g4+ 40. Kf2 Kg6
41. Qe4+ Kf6 42. Qd4+ Qe5 43. Qd3 Qb2+ 44. Kf1 Qc1+ 45. Kf2 Qc5+ 46. Kf1 Qxb6
47. d6 Qa6 48. Ke2 Ke6 49. Qxa6 bxa6 50. Kd3 f3 51. gxf3 gxf3 52. Ke3 Kxd6 53.
Kxf3 Ke5 54. Ke3 Kf5 55. Kf3 Ke5 56. Ke3 Kf5 57. Kf3 a4 58. bxa4 a5 59. a3 Ke5
60. Ke3 Kf5 61. Kf3 Ke5 62. Ke3 Kf5 63. Kf3 1/2-1/2